| 000 | 00836nam a2200241 a 4500 | ||
|---|---|---|---|
| 005 | 20240924070947.0 | ||
| 008 | 060424s2004 mx r 000 0 spa d | ||
| 020 | _a9681672674 | ||
| 035 | _aUPN01000143865 | ||
| 049 | _aCG | ||
| 050 | 4 |
_aPQ7297 P2.85 _bG7.2 |
|
| 100 | 1 | _aGrenier, Yvon | |
| 245 | 1 | 0 |
_aDel arte a la política : _bOctavio Paz y la búsqueda de la libertad / _cYvon Grenier ; tr. Ricardo Rubio. |
| 260 |
_aMéxico : _bFCE, _c2004. |
||
| 300 | _a207 p. | ||
| 440 | 0 | _aTierra firme | |
| 534 |
_pTítulo original: _tFrom art to politics. Octavio Paz and the pursuit of freedom |
||
| 600 | 1 | 7 |
_aPaz, Octavio, _d1914-1998 _xCritica e interpretación _2 _919523 |
| 650 | 4 |
_aLiberalismo _915125 |
|
| 650 | 4 |
_aARTE - _xASPECTOS POLITICOS _98143 |
|
| 651 | 4 |
_aMéxico _xPolítica y gobierno _ySiglo XX _94442 |
|
| 905 | _aLibro | ||
| 999 |
_c116012 _d116012 |
||